Přeskočit na obsah

Исследование ADVANCE: влияние Нолипрела - фиксированной комбинации ингибитора АПФ (Периндоприла) и диуретика (Индапамида) – на развитие сердечно-сосудистых осложнений у пациентов с сахарным диабетом 2 типа Статья

Uloženo v:
Podrobná bibliografie
Hlavní autor: Шестакова М.В
Médium: Статья
On-line přístup:https://znanium.com/catalog/document?id=28641
https://znanium.com/cover/0484/484798.jpg
Tagy: Přidat tag
Žádné tagy, Buďte první, kdo otaguje tento záznam!
LEADER 01801nam0a2200241 i 4500
001 RU\infra-m\znanium\bibl\484798
003 https://znanium.com/catalog/document?id=28641
005 20200302000000.0
100 |a 20200302d2014 m y0rusy0150 ca 
101 0 |a rus 
102 |a RU 
200 1 |a Исследование ADVANCE: влияние Нолипрела - фиксированной комбинации ингибитора АПФ (Периндоприла) и диуретика (Индапамида) – на развитие сердечно-сосудистых осложнений у пациентов с сахарным диабетом 2 типа  |e Статья  |f Национальный медицинский исследовательский центр Кардиологии 
210 1 |a Москва  |c ФГБУ "Эндокринологический научный центр" МинЗдрав РФ  |d 2008 
215 |a 4 с. 
333 |a Аспирантура 
606 |a Медицина. Фармакология  |x Эндокринология и болезни обмена веществ  |2 local 
608 |a Статья  |2 local 
700 1 |a Шестакова  |b М.В.  |g Марина Владимировна  |p Национальный медицинский исследовательский центр Кардиологии 
701 1 |a Александров  |b А.А.  |g Ан 
701 1 |a Галицина  |b Н.А. 
801 0 |a RU  |b Общество с ограниченной ответственностью «ЗНАНИУМ»  |c 20140825  |2 rusmarc 
856 4 |a znanium.com  |m ebs_support@infra-m.ru  |n НИЦ ИНФРА-М  |u https://znanium.com/catalog/document?id=28641 
856 4 1 |a znanium.com  |d /cover/0484  |f 484798.jpg  |q image/jpeg  |u https://znanium.com/cover/0484/484798.jpg